LEADER 01082nam0-22003491i-450- 001 990004000840403321 005 20040219115408.0 010 $a88-464-5091-4 035 $a000400084 035 $aFED01000400084 035 $a(Aleph)000400084FED01 035 $a000400084 100 $a20040219d2003----km-y0itay50------ba 101 0 $aita 102 $aIT 105 $a--------001cy 200 1 $aPercorsi migratori tra reti etniche, istituzioni e mercato del lavoro$fa cura di Michele La Rosa e Laura Zanfrini 210 $aMilano$cFranco Angeli$d©2003 215 $a249 p.$ctab.$d23 cm 225 1 $aIsmu$v4 610 0 $aLavoratori stranieri$aItalia 610 0 $aImmigrati$aItalia$aMercato del lavoro 676 $a331.620945$v21$zita 702 1$aLa Rosa,$bMichele$f<1937- > 702 1$aZanfrini,$bLaura 801 0$aIT$bUNINA$gRICA$2UNIMARC 901 $aBK 912 $a990004000840403321 952 $a331.620945 LAR 1$b2335$fBFS 959 $aBFS 996 $aPercorsi migratori tra reti etniche, istituzioni e mercato del lavoro$9472169 997 $aUNINA LEADER 01497nam a2200385 i 4500 001 991001052809707536 005 20020507182340.0 008 940519s1984 ||| ||| | eng 020 $a3540128999 035 $ab10794384-39ule_inst 035 $aLE01306298$9ExL 040 $aDip.to Matematica$beng 082 0 $a530.136 084 $aAMS 76P0 084 $aAMS 82A40 (1985) 084 $aAMS 82A45 (1985) 084 $aAMS 82A70 (1985) 084 $aQC175.2A1 100 1 $aCercignani, Carlo$017698 245 10$aKinetic theories and the Boltzmann equation :$blect. given at the 1st 1981 session of the Centro internazionale matematico estivo (C.I.M.E.), held at Montecatini, Italy, June 10-18, 1981 /$ced. C. Cercignani 260 $aBerlin ; New York :$bSpringer-Verlag,$c1984 300 $av, 243 p. :$bill. ;$c24 cm. 490 0 $aLecture notes in mathematics,$x0075-8434 ;$v1048 500 $aIncludes bibliographies 650 4$aBoltzmann equation 650 4$aEvolution equations$xCongresses 650 4$aKinetic theory of gases$xCongresses 650 4$aRarefied gas flows 650 4$aTransport theory$xCongresses 907 $a.b10794384$b23-02-17$c28-06-02 912 $a991001052809707536 945 $aLE013 76P05 CER11 (1984)$g1$i2013000123059$lle013$o-$pE0.00$q-$rl$s- $t0$u0$v0$w0$x0$y.i10895644$z28-06-02 996 $aKinetic Theories and the Boltzmann Equation$9352908 997 $aUNISALENTO 998 $ale013$b01-01-94$cm$da $e-$feng$gxx $h0$i1 LEADER 01445nam0-2200373---450 001 990009829480403321 005 20240319115739.0 010 $a978-88-6705-126-7 035 $aFED01000982948 035 $a(Aleph)000982948FED01 035 $a000982948 100 $a20140227d2013----km-y0itay50------ba 101 0 $aita 102 $aIT 105 $ay-------101yy 200 1 $a1. Seminario nazionale di biblioteconomia$eDidattica e ricerca nell'universitą italiana e confronti internazionali, Roma 30-31 maggio 2013$fa cura di Alberto Petrucciani e Giovanni Solimine$gmateriali e contributi a cura di Gianfranco Crupi 210 $aMilano$cLedizioni$d2013 215 $a322 p.$d24 cm 300 $aIn testa al front.: Sapienza Universitą di Roma, Facoltą di Lettere e Filosofia, Dipartimento di scienze documentarie, linguistico-filologiche e geografiche. 517 1 $aPrimo seminario nazionale di biblioteconomia 610 0 $aBiblioteconomia$aCongressi$a2013 676 $a020.72$v23$zita 702 1$aPetrucciani,$bAlberto$f<1956- > 702 1$aSolimine,$bGiovanni$f<1951- > 702 1$aCrupi,$bGianfranco$f<1954- > 801 0$aIT$bUNINA$gRICA$2UNIMARC 901 $aBK 912 $a990009829480403321 952 $a020.72 CONV ROMA 2013$bbibl.$fFLFBC 952 $aBIBLIO 160$b712/2024$fFSPBC 959 $aFLFBC 959 $aFSPBC 996 $a1. Seminario nazionale di biblioteconomia$9835855 997 $aUNINA